Fr. Conceicao Rodrigues College of Engineering

Quantitative techniques VII (Record no. 23571)

MARC details
000 -LEADER
fixed length control field 00337nam a2200157Ia 4500
082 ## - DEWEY DECIMAL CLASSIFICATION NUMBER
Classification number 658.4033
Item number JHA
100 ## - MAIN ENTRY--PERSONAL NAME
Personal name Jhamb / L.C
245 ## - TITLE STATEMENT
Title Quantitative techniques VII
260 ## - PUBLICATION, DISTRIBUTION, ETC.
Name of publisher, distributor, etc. Everest Pub.House
Place of publication, distribution, etc. Mumbai
Date of publication, distribution, etc. 1997
300 ## - PHYSICAL DESCRIPTION
Extent 566
490 ## - SERIES STATEMENT
Volume/sequential designation II
546 ## - LANGUAGE NOTE
Language note ENGLISH
654 ## - SUBJECT ADDED ENTRY--FACETED TOPICAL TERMS
Focus term Techniques VII
942 ## - ADDED ENTRY ELEMENTS (KOHA)
Koha item type BOOK
Holdings
Withdrawn status Lost status Damaged status Not for loan Collection Home library Current library Date acquired Total Checkouts Full call number Barcode Date last seen Price effective from Koha item type
        CRC Fr. Agnel's C.Rodrigues College of Engineering Fr. Agnel's C.Rodrigues College of Engineering 17/03/2023   658.4033 JHA 10684 17/03/2023 17/03/2023 BOOK
        CRC Fr. Agnel's C.Rodrigues College of Engineering Fr. Agnel's C.Rodrigues College of Engineering 17/03/2023   658.4033 JHA 10685 17/03/2023 17/03/2023 BOOK